000 01129nam a22003017a 4500
003 OSt
005 20250618145747.0
008 240209b |||||||| |||| 00| 0 eng d
020 _a9788793519428 (Hardback)
_cUSD 84.00
040 _aNUST
_beng
_cNUST
_dNUST
_erda
050 _aKF26 ADV
245 _aAdvanced concepts for renewable energy supply of data centres /
_cedited by Jaume Salom, Thorsten Urbaneck and Eduard Oro.
260 _aDenmark :
_bRiver Publishers,
_c©2017.
300 _axl, 296 pages :
_billustrations (some color)
_c24 cm.
336 _2rdamedia
_atext
_btxt
337 _2rdamedia
_aunmediated
_bn
338 _2rdamedia
_avolume
_bnc
440 _aRiver publishing series in renewable energy
504 _aIncludes bibliographical references and index.
650 _x Technology
650 _xMechanical engineering and machinery 
650 _x Mechanical engineering and machinery
650 _xRenewable energy sources
700 _aSalom, Jaume
_eEditor
700 _aUrbaneck, Thorsten
_eEditor
700 _aOro, Eduard
_eEditor
942 _2lcc
_cBOOKS
_n0
_hKF26 ADV
_kKF
_mADV
999 _c170782
_d170782